Revisiting Linkages between Stock Prices and Real Activity in OECD Countries: Does Finance Respond to Changing Situation of Economy?
Skúmanie či finančné trhy v prípade potreby prispievajú k ekonomike. Údaje od decembra 1989 do júla 2016 pre 19 ekonomík OECD. Reakcia kapitálových trhov na hospodársky rast, ktorá závisí viac od stavu hospodárstva ako od vývoja krajiny.
Enregistré dans:
| Auteur principal: | |
|---|---|
| Format: | Chapitre de livre |
| Langue: | anglais |
| Sujets: | |
| Tags: |
Pas de tags, Soyez le premier à ajouter un tag!
|
MARC
| LEADER | 00000naa a2200000 4500 | ||
|---|---|---|---|
| 001 | 0263264 | ||
| 005 | 20200428095352.2 | ||
| 041 | 0 | |a eng | |
| 044 | |a CZ | ||
| 245 | 1 | 0 | |a Revisiting Linkages between Stock Prices and Real Activity in OECD Countries: Does Finance Respond to Changing Situation of Economy? |c Mercan Hatipoglu |
| 520 | |a Skúmanie či finančné trhy v prípade potreby prispievajú k ekonomike. Údaje od decembra 1989 do júla 2016 pre 19 ekonomík OECD. Reakcia kapitálových trhov na hospodársky rast, ktorá závisí viac od stavu hospodárstva ako od vývoja krajiny. | ||
| 610 | 2 | 0 | |a trh akciový |
| 610 | 2 | 0 | |a akcie |
| 610 | 2 | 0 | |a OECD |
| 610 | 2 | 0 | |a rast hospodársky |
| 610 | 2 | 0 | |a regresia |
| 100 | 1 | |a Hatipoglu, Mercan | |